000 00647 a2200205 4500
005 20241129114750.0
010 _aB-761287
020 _a9789364684613
_c400.00
035 _aB-761287
037 _bGift/28.11.24
082 _a540
100 _aLakhmir Singh
_974344
245 _aS. Chand's Lakhmir Singh's Chemistry;
_bAsper 2027 Syllabus for ICSE Class IX /
_cLakhmir Singh and Manjit Kaur
260 _aU.P.
_bS. Chand's
_c2025
270 _aU. P.
300 _a198 p.
_c25cm (Pb)
700 _aKaur, Manjit
_974251
942 _adpl
_cCH
_2ddc
_h540
_mLAK
999 _c207203
_d207203